banner-ar

ACCOUNTING PRACTICE / (Record no. 14130)

MARC details
000 -الفاتح
حقل البيانات ثابتة الطول 00450nam a2200181Ia 4500
008 - عناصر البيانات ثابتة الطول - معلومات عامة
حقل البيانات ثابتة الطول 140319s9999 xx 000 0 eng d
040 ## - مصدر الفهرسة
وكالة الفهرسة الأصلية GCL /
وكالة النسخ GCL
082 04 - رقم تصنيف ديوى العشرى
رقم التصنيف 657
رقم المادة G A
100 1# - المدخل الرئيسى - إسم شخصى
الإسم الشخصى GLOUTIER, M.W.E.
245 10 - بيان العنوان
العنوان ACCOUNTING PRACTICE /
بيان المسئوليه,etc GLOUTIER, M.W.E.
700 1# - المدخل الاضافى - اسم شخصى
الإسم الشخصى UNDERDOUWN, B
260 ## - PUBLICATION, DISTRIBUTION, ETC. (IMPRINT)
تاريخ النشر أو التوزيع 1994
300 ## - الوصف المادى
التعداد 462 P
650 04 - المدخل الاضافى بالموضوع-مصطلح موضوعى
مصطلح موضوعي BUSINESS
650 04 - المدخل الاضافى بالموضوع-مصطلح موضوعى
مصطلح موضوعي ACCOUNTING
942 ## - عناصر المدخل الإضافي( كوها)
مصدر التصنيف او مخطط الترفيف Dewey Decimal Classification
Koha [default] item type كتاب
260 ## - PUBLICATION, DISTRIBUTION, ETC. (IMPRINT)
-- [S.N] :
-- PITMAN PUBLISHING ،
Holdings
حالة التراجع حالة الفقد حالة تلف ليس للاعارة المكان المؤقت الموقع الحالى تاريخ الاكتساب اجمالي اﻻعارات رقم الطلب الباركود تاريخ اخر مشاهدة تاريخ تفعيل السعر نوع وعاء كوها
        مكتبة القاهرة الكبرى مكتبة القاهرة الكبرى 03/26/2014   657\G A 26608 03/26/2014 03/26/2014 كتاب

Powered By

EGPV